00538nam a2200169Ia 4500082001200000100001600012245007700028260005600105300000800161504002600169650002300195650003100218650003000249650003300279650003400312650002200346 aRM.0277 aMalik, A.S. 0aRural leadershipb: a study of emerging patterns in the state of Haryana aKurukshetrabIndian Council of Social Sciencec2007 a274 aincludes bibliogrpahy aPanchayatzHaryana aHaryanavSocial conditions aLocal governmentzHaryana aHaryanavEconomic Conditions aHaryanavPolitical conditions aEqualityzHaryana